000
00331nam a22001457a 4500
008
250423b ||||| |||| 00| 0 eng d
020
_a
0842303383
041
_a
eng
080
_2
1987
_a
101TIM
082
_2
101TIM
_a
101TIM
100
_a
42
101
_a
FILOZOFI
245
_a
BORN TO WIN
_c
LEWIS TIMBERLAKE
942
_2
udc
_c
BK
999
_c
60696
_d
60696